Value judgement (Record no. 82621)

MARC details
000 -LEADER
fixed length control field 01624cab a22002655a 4500
001 - CONTROL NUMBER
control field L150729
008 - FIXED-LENGTH DATA ELEMENTS--GENERAL INFORMATION
fixed length control field 100824e20100731xxk 000 0 eng d
035 ## - SYSTEM CONTROL NUMBER
System control number (Sirsi) u150729
041 0# - LANGUAGE CODE
Language code of text/sound track or separate title eng
100 1# - MAIN ENTRY--PERSONAL NAME
Personal name Driscoll, James
245 00 - TITLE STATEMENT
Title Value judgement
260 ## - PUBLICATION, DISTRIBUTION, ETC.
Date of publication, distribution, etc. 2010
490 ## - SERIES STATEMENT
Series statement Estates Gazette
Volume/sequential designation (1030) 31 July 2010, 54-56(3)
520 ## - SUMMARY, ETC.
Summary, etc. Explains how the provisions of Sched 13 of the Leasehold Reform Housing and Urban Development Act 1993 should be implemented when valuing intermediate leases. Refers to guidance outlined in "Nailrile Ltd v Cadogan and Ors" LRA/114/2006, 27 June 2008, one of five cojoined appeals from LVT considered together by the Upper Tribunal Lands Chamber. (see L147327 for summary and link to decision) regarding the interpretation of a minor intermediate leasehold interest. Discusses deferment rates for long term immediate leases and relativity. Refers to RICS Leasehold Reform: Graphs of Relativity (E148699). Worked eamples showing Diminution in value of landlord's interest and diminution in value of intermediate lease. See L150726 for Part 1 of series of two articles.
590 ## - LOCAL NOTE (RLIN)
Local note KA
650 24 - SUBJECT ADDED ENTRY--TOPICAL TERM
Topical term or geographic name entry element NAILRILE LTD V EARL CADOGAN
650 24 - SUBJECT ADDED ENTRY--TOPICAL TERM
Topical term or geographic name entry element EARL CADOGAN V SPORTELLI
650 24 - SUBJECT ADDED ENTRY--TOPICAL TERM
Topical term or geographic name entry element LEASEHOLD REFORM, HOUSING AND URBAN DEVELOPMENT ACT 1993 PART I
650 24 - SUBJECT ADDED ENTRY--TOPICAL TERM
Topical term or geographic name entry element ZUCKERMAN V TRUSTEES OF CALTHORPE ESTATE
650 24 - SUBJECT ADDED ENTRY--TOPICAL TERM
Topical term or geographic name entry element LEASEHOLD REFORM GRAPHS OF RELATIVITY
651 #4 - SUBJECT ADDED ENTRY--GEOGRAPHIC NAME
Geographic name ENGLAND AND WALES
690 ## - LOCAL SUBJECT ADDED ENTRY--TOPICAL TERM (OCLC, RLIN)
Topical term or geographic name as entry element PROPERTY-RESIDENTIAL PROPERTY-RESIDENTIAL LANDLORD AND TENANT-RESIDENTIAL LEASES-RESIDENTIAL LEASEHOLD ENFRANCHISEMENT
700 1# - ADDED ENTRY--PERSONAL NAME
Personal name Wilson, James
942 ## - ADDED ENTRY ELEMENTS (KOHA)
Suppress in OPAC 0
Holdings
Withdrawn status Lost status Source of classification or shelving scheme Damaged status Not for loan Home library Current library Shelving location Date acquired Total Checkouts Full call number Barcode Date last seen Copy number Price effective from Koha item type
    Dewey Decimal Classification     London London Journal article 24/08/2010   L150729 150729-1001 06/08/2019 1 06/08/2019 Journal article